00602nam a2200205Ia 4500001000700000003000500007008004100012010001100053040000900064082001400073100002100087245009000108260005000198300001100248440000500259500004200264503001500306650005600321650001900377Z_2446CHAP220113s1972 xx 000 0 und d a165500 cCHAP a519.5 D5y aDixon, Wilfrid J aIntroducción al análisis estadístico /cpor Wilfrid J Dixon y Frank J. Massey aLa Habana :bEdición Revolucionaria,c1972 a489 p. a aTrad. De la 2 ed. En inglés de 1965 aDONACIÓN aAnálisis estadístico I. Massey, Frank J. II. t. aEstadística